000 01001nam a2200229Ia 4500
999 _c39050
_d39050
001 5574
003 GE_BSU
005 20190422202429.0
008 181216s1983|||| |||||||||||||| ||geo||
040 _cGE_BSU
041 _ageo
080 _a539.3(075.8)
100 _aსარალიძე, ა
_9361
245 _aსწორი ღეროების გრეხა :
_bდამხმ.სახელმძღვ. /
_cსარალიძე ა ; გაჩეჩილაძე გ ; რედ. ე.გიორგიძე
264 _aთბილისი
_bტექნიკური უნივერსიტეტი ,
_c1983 .
300 _a98 გვ ;
_bნახაზ. ცხრ;
_c20 სმ .
653 _aსწორი ღეროების გრეხა
653 _aმექანიკა .
700 _aგ . გაჩეჩილაძე
_9362
700 _aე. გიორგიძე
_eრედაქტორი
_9363
942 _cBK
_2udc